| 000 | 00530nam a22001817a 4500 | ||
|---|---|---|---|
| 003 | CEME | ||
| 005 | 20210628202927.0 | ||
| 008 | 210119b xxu||||| |||| 00| 0 eng d | ||
| 020 | _a81-7409-129-7 | ||
| 040 | _c. | ||
| 082 | _a621.3848 MAI | ||
| 100 |
_aMaini, A.K _962343 |
||
| 245 | _aMicrowaves and radar, principles and applications | ||
| 260 |
_aNEW DELHI _bKHANNA PUBLISHERS _c2006 |
||
| 300 | _aXVI,725 P | ||
| 650 |
_aRADAR PRINCIPLES AND APPLICATIONS.MICROWAVES PRINCIPLES AND APPLICATIONS _962344 |
||
| 942 |
_cBK _2ddc |
||
| 999 |
_c571477 _d571477 |
||